00329pab a2200133 454500008004000000100001900040245006100059260000900120300000800129362001100137650001500148650001300163773001900176180718b1997 xxu||||| |||| 00| 0 eng d aGupta, Shekhar aOmissions of the Jain Commission: merchandising a murder c1997 ap.8 a10 Nov aCorruption aViolence aIndian Express